[Event "Championnat de France des Jeunes - Pupil"]
[Site "Aix-les-Bains"]
[Date "2009.04.23"]
[Round "6.7"]
[White "Nourani, Maral"]
[Black "Duval, Claire"]
[Result "0-1"]
[WhiteElo "1550"]
[BlackElo "1370"]
[PlyCount "118"]

1. e4 c6 2. Nc3 d5 3. Nf3 e6 4. d3 Ne7 5. Be3 Nd7 6. Be2 c5 7. d4 b6 8. Bb5
cxd4 9. Qxd4 a6 10. Bxd7+ Qxd7 11. O-O-O dxe4 12. Qxd7+ Bxd7 13. Nxe4 Nd5 14.
Bd4 f6 15. c4 Rc8 16. Ned2 b5 17. b3 bxc4 18. Nxc4 Bb5 19. Nfd2 Nf4 20. Kb1 Bb4
21. g3 Nd5 22. Rhg1 O-O 23. a3 Nc3+ 24. Bxc3 Bxc3 25. a4 Bc6 26. Rge1 Bd5 27.
Nb6 Rcd8 28. Nxd5 exd5 29. Re3 Be5 30. Nf3 Rfe8 31. Kc2 Rc8+ 32. Kb1 Rcd8 33.
Red3 Rb8 34. Ka2 Rec8 35. R1d2 Rc1 36. Nxe5 fxe5 37. Rxd5 Rc3 38. Rd8+ Rxd8 39.
Rxd8+ Kf7 40. Rd2 Rf3 41. Kb2 g6 42. b4 Rf6 43. Re2 h5 44. b5 axb5 45. axb5 Re6
46. Kc3 Ke7 47. Kc4 Kd6 48. b6 Kc6 49. b7 Kxb7 50. Kd5 Ra6 51. Kxe5 Kc7 52. Kf4
Kd7 53. Kg5 Kd8 54. Re4 Rb6 55. Rf4 Ke7 56. h3 Rc6 57. h4 Rb6 58. f3 Rc6 59.
Ra4 Kf7 0-1

[Event "Championnat de France des Jeunes - Pupil"]
[Site "Aix-les-Bains"]
[Date "2009.04.23"]
[Round "6.8"]
[White "Quelennec, Amelie"]
[Black "Terrazzoni, Claire"]
[Result "1-0"]
[WhiteElo "1410"]
[BlackElo "1460"]
[PlyCount "63"]

1. b3 e5 2. Bb2 d6 3. e3 Nc6 4. Bb5 Bd7 5. d3 g6 6. f4 Bg7 7. Nf3 Nge7 8. O-O
O-O 9. Nbd2 a6 10. Bxc6 Nxc6 11. fxe5 dxe5 12. Nc4 Re8 13. Qe1 e4 14. Bxg7 Kxg7
15. Qc3+ Kg8 16. Nfe5 Nxe5 17. Nxe5 Bf5 18. dxe4 Be6 19. Qd4 Qg5 20. Rf2 Rad8
21. Qc3 c6 22. Raf1 Rf8 23. Rf3 h6 24. Nd3 Bg4 25. Rg3 Qh5 26. Ne5 Be2 27. Re1
Rd1 28. Rxd1 Bxd1 29. Nd7 Qe2 30. Nf6+ Kg7 31. Ne8+ Kg8 32. Qg7# 1-0

[Event "Championnat de France des Jeunes - Pupil"]
[Site "Aix-les-Bains"]
[Date "2009.04.23"]
[Round "6.9"]
[White "Abidi, Hasma"]
[Black "Legrand, Claire"]
[Result "0-1"]
[WhiteElo "1660"]
[BlackElo "1607"]
[PlyCount "108"]

1. d4 d6 2. Nf3 Nf6 3. c4 Nbd7 4. Nc3 e5 5. e3 Be7 6. Bd3 O-O 7. O-O c6 8. Qc2
Qc7 9. b3 d5 10. cxd5 cxd5 11. Nb5 Qxc2 12. Bxc2 e4 13. Nd2 a6 14. Nc3 Bb4 15.
Bb2 Re8 16. a3 Bxc3 17. Bxc3 Nf8 18. Rae1 Ng6 19. f3 Bd7 20. fxe4 Rac8 21. Nb1
Nxe4 22. Bxe4 Rxe4 23. Rf2 Rce8 24. Bd2 R4e7 25. Nc3 Bc8 26. Rf5 Rd7 27. a4 b6
28. b4 Bb7 29. Rb1 Rc8 30. a5 b5 31. Rc1 f6 32. Ne2 Rxc1+ 33. Nxc1 Rc7 34. Nb3
Rc2 35. Be1 Ne7 36. Rf2 Rxf2 37. Kxf2 Nc8 38. Nc5 Nd6 39. Nxb7 Nxb7 40. Kf3 Kf7
41. e4 Ke6 42. Bg3 Nd8 43. Bc7 Nc6 44. Bb6 Nxb4 45. Ke3 dxe4 46. Kxe4 f5+ 47.
Kf4 g6 48. Kg5 Nd3 49. Kh6 b4 50. Kxh7 b3 51. Kxg6 b2 52. h4 b1=Q 53. h5 Nf4+
54. Kg5 Nxh5 0-1

[Event "Championnat de France des Jeunes - Pupil"]
[Site "Aix-les-Bains"]
[Date "2009.04.23"]
[Round "6.10"]
[White "Del Valle, Julie"]
[Black "Shashkina, Olga"]
[Result "1-0"]
[WhiteElo "1530"]
[BlackElo "1470"]
[PlyCount "151"]

1. d4 d5 2. c4 e6 3. Nc3 Nf6 4. Nf3 Nc6 5. Bg5 Be7 6. e3 O-O 7. Qc2 b6 8. cxd5
exd5 9. Bb5 Nb4 10. Qb3 Bf5 11. O-O Bc2 12. Qa3 Nc6 13. Qa6 Nb4 14. Qb7 Qd6 15.
Bf4 Rfb8 16. Bxd6 Bxd6 17. Qxb8+ Rxb8 18. a3 Nd3 19. Bxd3 Bxd3 20. Rfd1 Be4 21.
Nxe4 dxe4 22. Nd2 Re8 23. Rac1 h6 24. Nc4 Re6 25. Nxd6 cxd6 26. Rc6 Ng4 27. h3
Nf6 28. d5 Re5 29. Rxd6 Ne8 30. Rd8 Kh7 31. d6 f5 32. d7 Nc7 33. Rc1 Ne6 34.
Re8 Rd5 35. Rxe6 Rxd7 36. Rec6 b5 37. Rc7 Rd2 38. R7c2 Rd3 39. Rc3 Rd2 40. Rb3
Rd5 41. f3 a6 42. Rbc3 Rd6 43. Rc5 Rf6 44. Rc6 Rf7 45. Rxa6 Re7 46. f4 g5 47.
Rcc6 gxf4 48. Rxh6+ Kg7 49. Rag6+ Kf7 50. Rh7+ Kxg6 51. Rxe7 fxe3 52. Kf1 Kf6
53. Rb7 Ke5 54. Rxb5+ Kd4 55. Ke2 f4 56. Rb4+ Ke5 57. a4 Kf5 58. Rb5+ Ke6 59.
a5 Kd6 60. a6 Kc6 61. a7 Kxb5 62. a8=Q Kc5 63. Qxe4 f3+ 64. Qxf3 Kc4 65. Qxe3
Kb4 66. Qc3+ Ka4 67. Kd3 Kb5 68. Qc4+ Ka5 69. Kd4 Kb6 70. Kd5 Kb7 71. Kd6 Kb6
72. Qc5+ Kb7 73. Kd7 Kb8 74. Qb5+ Ka8 75. Kc7 Ka7 76. Qb7# 1-0

[Event "Championnat de France des Jeunes - Pupil"]
[Site "Aix-les-Bains"]
[Date "2009.04.23"]
[Round "6.11"]
[White "Raihauti, Mataheitini"]
[Black "Mirete, Rita"]
[Result "1-0"]
[WhiteElo "1520"]
[BlackElo "1420"]
[PlyCount "57"]

1. e4 e5 2. Nf3 Nc6 3. Nc3 Bc5 4. Nxe5 Nxe5 5. d4 Bxd4 6. Qxd4 Nc6 7. Qxg7 Qf6
8. Qg3 d6 9. Nd5 Qe5 10. Qxe5+ dxe5 11. Nxc7+ Kd8 12. Nxa8 Be6 13. Be3 Kc8 14.
Bb5 Kb8 15. Nb6 axb6 16. Bxb6 Nge7 17. O-O Nc8 18. Bc5 Rd8 19. Rfd1 Rxd1+ 20.
Rxd1 Kc7 21. a4 b6 22. Be3 f5 23. exf5 Bxf5 24. f4 e4 25. c3 N8a7 26. Rd5 Bg6
27. f5 Bf7 28. Bf4+ Kc8 29. Ba6# 1-0

[Event "Championnat de France des Jeunes - Pupil"]
[Site "Aix-les-Bains"]
[Date "2009.04.23"]
[Round "6.12"]
[White "Sauve, Anne-Charlotte"]
[Black "Scabello, Julie"]
[Result "1-0"]
[WhiteElo "1410"]
[BlackElo "1520"]
[PlyCount "77"]

1. e4 e5 2. Nf3 Nc6 3. Nc3 Bc5 4. Nxe5 Bxf2+ 5. Kxf2 Qf6+ 6. Nf3 d6 7. Be2 Nh6
8. Rf1 O-O 9. Kg1 Qg6 10. d4 Re8 11. Nd5 Rb8 12. Bd3 Bh3 13. Nh4 Qg4 14. Qxg4
Bxg4 15. Be3 Rbc8 16. Bxh6 gxh6 17. Nf6+ Kf8 18. Nxg4 Nxd4 19. Nxh6 Re7 20. Bc4
Nxc2 21. Bxf7 Nxa1 22. Bh5+ Kg7 23. N6f5+ Kf6 24. Nxd6+ Kg5 25. Nxc8 Rxe4 26.
Bf3 Rxh4 27. Rxa1 b5 28. Nxa7 b4 29. Re1 Rd4 30. a3 bxa3 31. bxa3 Ra4 32. Nb5
Rc4 33. Bd5 Rc5 34. Re5+ Kf6 35. Re6+ Kf5 36. Nd4+ Kf4 37. g3+ Kg4 38. Bf3+ Kg5
39. h4# 1-0

[Event "Championnat de France des Jeunes - Pupil"]
[Site "Aix-les-Bains"]
[Date "2009.04.23"]
[Round "6.13"]
[White "Fesselier, Melissa"]
[Black "Dol, Cecile"]
[Result "0-1"]
[WhiteElo "1390"]
[BlackElo "1510"]
[PlyCount "120"]

1. d4 Nf6 2. c4 e5 3. e3 e4 4. Nc3 c6 5. c5 d5 6. cxd6 Bxd6 7. Bc4 Nbd7 8. Nge2
Nb6 9. Bb3 Nbd5 10. Bd2 Bg4 11. Qc2 Nb4 12. Qb1 Nd3+ 13. Kf1 Qc7 14. h3 Bh5 15.
Bc2 Bg6 16. Nxe4 Nxe4 17. Be1 Nxe1 18. Bxe4 Nxg2 19. Kxg2 Bxe4+ 20. Qxe4+ Qe7
21. Qxe7+ Kxe7 22. Kf3 Rac8 23. Rhg1 g6 24. Rac1 Rhd8 25. Nf4 Kf8 26. Nd3 Be7
27. Rg4 Rd5 28. Rcg1 c5 29. Rc1 Rc6 30. b4 c4 31. Ne5 Rf6+ 32. Rf4 Rxf4+ 33.
Kxf4 b5 34. a3 Rd6 35. Kf3 Ra6 36. Rc3 Bh4 37. Kg2 Ke7 38. f4 Be1 39. Rc1 Bd2
40. Rf1 Rxa3 41. Nf3 Bxb4 42. Rd1 Rxe3 43. d5 Rd3 44. Rb1 Rb3 45. Rd1 Bc5 46.
Re1+ Re3 47. Rb1 b4 48. Kf2 Rb3+ 49. Ke2 Rxb1 50. Nd2 Rb2 51. Kd1 Rxd2+ 52.
Kxd2 a5 53. Kc2 a4 54. d6+ Kxd6 55. f5 a3 56. Kb1 b3 57. fxg6 fxg6 58. h4 c3
59. h5 c2+ 60. Kc1 Be3# 0-1

[Event "Championnat de France des Jeunes - Pupil"]
[Site "Aix-les-Bains"]
[Date "2009.04.23"]
[Round "6.14"]
[White "Perrois, Magali"]
[Black "Malassagne, Isabelle"]
[Result "0-1"]
[WhiteElo "1360"]
[BlackElo "1500"]
[PlyCount "88"]

1. e4 c5 2. Nf3 Nc6 3. d4 cxd4 4. Nxd4 d6 5. Nc3 Bd7 6. Be3 g6 7. f3 Bg7 8. Qd2
Nf6 9. Bc4 a6 10. O-O-O O-O 11. h4 h5 12. Rdg1 Ne5 13. Be2 Rc8 14. Nd1 Qc7 15.
c3 Nc4 16. Bxc4 Qxc4 17. Nf2 Qxa2 18. g4 Qa1+ 19. Kc2 Ba4+ 20. Kd3 Qa2 21. Ke2
e5 22. Nc2 Qc4+ 23. Kd1 Rfd8 24. Kc1 d5 25. exd5 Rxd5 26. Qe1 b5 27. Nd1 b4 28.
gxh5 Qb3 29. Rg2 Nxh5 30. Rhh2 Rcd8 31. Rd2 Rxd2 32. Rxd2 Rc8 33. Qe2 Bb5 34.
Qg2 a5 35. Qg5 Bf6 36. Qg4 Rc4 37. Qh3 Bxh4 38. Kb1 bxc3 39. Na1 c2+ 40. Nxc2
Ra4 41. Ne1 Bxe1 42. Rg2 Qxd1+ 43. Bc1 Bd3+ 44. Rc2 Bxc2# 0-1

[Event "Championnat de France des Jeunes - Pupil"]
[Site "Aix-les-Bains"]
[Date "2009.04.23"]
[Round "6.15"]
[White "Dusserre, Salome"]
[Black "Le Guennec, Nolwen"]
[Result "1-0"]
[WhiteElo "1280"]
[BlackElo "1480"]
[PlyCount "59"]

1. e4 c5 2. Nc3 Nc6 3. f4 a6 4. Nf3 g6 5. Bc4 Bg7 6. a4 e6 7. O-O Rb8 8. Qe1
Nd4 9. Nxd4 Bxd4+ 10. Kh1 Bg7 11. d3 d6 12. Qg3 f5 13. Re1 Bf6 14. Qf3 Ne7 15.
exf5 Nxf5 16. Bxe6 Bxe6 17. Rxe6+ Kf7 18. Qd5 Re8 19. Rxd6+ Kg7 20. Rd7+ Kh6
21. Bd2 Qb6 22. Qf7 Re7 23. Rxe7 Bxe7 24. g4 Nh4 25. Qxe7 Qc6+ 26. Ne4 Nf3 27.
Be3 Re8 28. f5+ g5 29. Bxg5+ Nxg5 30. Qxg5# 1-0

[Event "Championnat de France des Jeunes - Open "]
[Site "Aix les Bains"]
[Date "????.??.??"]
[Round "6.1"]
[White "Muller, Matthieu"]
[Black "Brandt, Anatole"]
[Result "1-0"]
[WhiteElo "1808"]
[BlackElo "1773"]
[PlyCount "45"]

1. e4 c5 2. Nf3 e6 3. d4 cxd4 4. Nxd4 Nc6 5. Nxc6 bxc6 6. Bd3 Bc5 7. O-O Ne7 8.
Nc3 Ng6 9. Kh1 O-O 10. f4 Qh4 11. Bd2 Bd6 12. Rf3 Qh5 13. e5 Be7 14. Qf1 Bb7
15. Rh3 Nh4 16. g3 Qf3+ 17. Qxf3 Nxf3 18. Bxh7+ Kh8 19. Be4+ Nh4 20. gxh4 Rab8
21. h5 Ba6 22. h6 g6 23. b3 1-0

[Event "Championnat de France des Jeunes - Open "]
[Site "Aix les Bains"]
[Date "????.??.??"]
[Round "6.2"]
[White "Durand, Victor"]
[Black "Alliot, Kevin"]
[Result "1-0"]
[WhiteElo "1856"]
[BlackElo "1758"]
[PlyCount "53"]

1. e4 c5 2. Nf3 e6 3. d4 cxd4 4. Nxd4 a6 5. Nc3 Qc7 6. a3 Nf6 7. Be3 b5 8. Bd3
Bb7 9. O-O Be7 10. f4 d6 11. Qf3 Nbd7 12. Qg3 h5 13. Nf3 O-O-O 14. Bd4 Rdg8 15.
Ng5 Rf8 16. Nf3 Bc6 17. a4 Qb7 18. axb5 axb5 19. Ra7 Qb8 20. Rfa1 Nb6 21. Rxe7
Nbd7 22. Ng5 h4 23. Qe1 e5 24. Ba7 Qc7 25. Rxf7 Rxf7 26. Nxf7 Rg8 27. Bxb5 1-0

[Event "Championnat de France des Jeunes - Open "]
[Site "Aix les Bains"]
[Date "????.??.??"]
[Round "6.3"]
[White "Romero, Vladimir"]
[Black "Martin, Axel"]
[Result "1/2-1/2"]
[WhiteElo "1725"]
[BlackElo "1719"]
[PlyCount "38"]

1. e4 e5 2. f4 exf4 3. Nf3 g5 4. h4 g4 5. Ne5 d6 6. Nxg4 Be7 7. Qf3 Bxh4+ 8.
Nf2 Qg5 9. d4 Bg3 10. Be2 Nf6 11. Kf1 Nc6 12. c3 Bd7 13. b4 O-O-O 14. Nh3 Qg6
15. Nxf4 Bxf4 16. Bxf4 Nxe4 17. Rh6 Qf5 18. Rh5 Qg6 19. Rh6 Qf5 1/2-1/2

[Event "Championnat de France des Jeunes - Open "]
[Site "Aix les Bains"]
[Date "????.??.??"]
[Round "6.4"]
[White "Hammann, Benjamin"]
[Black "Zhao, Nicolas"]
[Result "1/2-1/2"]
[WhiteElo "1959"]
[BlackElo "1601"]
[PlyCount "86"]

1. e4 e5 2. Nf3 Nc6 3. Bc4 Bc5 4. b4 Bxb4 5. c3 Ba5 6. Qb3 Nh6 7. d4 Qf6 8.
Bxh6 gxh6 9. dxe5 Nxe5 10. Nxe5 Qxe5 11. Bxf7+ Kf8 12. Bd5 d6 13. O-O c6 14. f4
Qg7 15. Be6 Bxe6 16. Qxe6 Bb6+ 17. Kh1 Bc5 18. e5 Rg8 19. g3 Re8 20. Qf5+ Qf7
21. Qxf7+ Kxf7 22. exd6 Bxd6 23. Nd2 b5 24. Rad1 Bc7 25. Nb3 Bb6 26. Rd7+ Kg6
27. Rd6+ Kh5 28. Rxc6 Re2 29. Nd4 Bxd4 30. cxd4 Rxa2 31. Rc5+ Kg4 32. Rxb5 Rd8
33. d5 Kh3 34. Rd1 Rxh2+ 35. Kg1 Rg2+ 36. Kf1 Rxg3 37. Kf2 Kg4 38. d6 Rf3+ 39.
Ke2 Rxf4 40. Rg1+ Kh4 41. Rh1+ Kg4 42. Rxh6 Rd4 43. Rxh7 Re8+ 1/2-1/2

[Event "Championnat de France des Jeunes - Open "]
[Site "Aix les Bains"]
[Date "????.??.??"]
[Round "6.5"]
[White "Hector, Pierre"]
[Black "Bain-Thouverez, Aurelien"]
[Result "0-1"]
[WhiteElo "1739"]
[BlackElo "1607"]
[PlyCount "46"]

1. d4 Nf6 2. c4 g6 3. Nc3 d5 4. Qa4+ Bd7 5. Qb3 Nc6 6. Nf3 Na5 7. Qc2 Nxc4 8.
Nxd5 Nxd5 9. Qxc4 Nb6 10. Qc2 Bg7 11. Bf4 Nd5 12. Bg3 O-O 13. e4 Nb4 14. Qb3
Nc6 15. d5 Na5 16. Qc2 c6 17. Rc1 Qb6 18. Ne5 Qb4+ 19. Kd1 Bxe5 20. Bxe5 cxd5
21. exd5 Ba4 22. b3 Nxb3 23. Bc3 Qb6 0-1

[Event "Championnat de France des Jeunes - Open "]
[Site "Aix les Bains"]
[Date "????.??.??"]
[Round "6.6"]
[White "Bodin, Alexandre"]
[Black "Allard, Thomas"]
[Result "0-1"]
[WhiteElo "1510"]
[BlackElo "1701"]
[PlyCount "48"]

1. d4 d5 2. Nf3 Nf6 3. c4 dxc4 4. e3 e6 5. Bxc4 c5 6. Nc3 a6 7. a4 Nc6 8. O-O
cxd4 9. exd4 Be7 10. Be3 O-O 11. Ne5 Nb4 12. Rc1 Nfd5 13. Bxd5 Nxd5 14. Nxd5
Qxd5 15. Qd3 Rd8 16. Rfd1 b6 17. Rc7 Bd6 18. Nc6 Re8 19. Rxc8 Raxc8 20. Ne5
Bxe5 21. dxe5 Qxe5 22. Bxb6 Qxb2 23. Bd4 Qc2 24. Qf3 Red8 0-1

[Event "Championnat de France des Jeunes - Open "]
[Site "Aix les Bains"]
[Date "????.??.??"]
[Round "6.7"]
[White "Brancherie, Johnny"]
[Black "Louvrier Saint-Mary, Dimitri"]
[Result "1/2-1/2"]
[WhiteElo "1700"]
[BlackElo "1510"]
[PlyCount "96"]

1. d4 Nf6 2. c4 g6 3. Nc3 Bg7 4. e4 d6 5. Nf3 O-O 6. Be2 c5 7. d5 a6 8. O-O e5
9. dxe6 fxe6 10. Bg5 Kh8 11. e5 dxe5 12. Qxd8 Rxd8 13. Nxe5 Rf8 14. Bf3 Ne8 15.
Rfe1 Rf5 16. Na4 Bxe5 17. Nb6 Rxg5 18. Nxa8 Nd7 19. Rab1 Nd6 20. b3 b5 21. cxb5
Nxb5 22. Bc6 Nd4 23. Bxd7 Bxd7 24. Nb6 Bc6 25. Re3 Rxg2+ 26. Kf1 Bxh2 27. Rg3
Bxg3 28. fxg3 Rxg3 29. Rc1 Bb5+ 30. Kf2 Rf3+ 31. Kg2 Bc6 32. Kh2 Rf2+ 33. Kh3
Bg2+ 34. Kg3 Re2 35. Rxc5 Nf5+ 36. Kg4 Re4+ 37. Kg5 Nd6 38. Kf6 Bh3 39. Nc4
Rf4+ 40. Ke5 g5 41. Kxd6 Rd4+ 42. Ke5 Rd5+ 43. Rxd5 exd5 44. Kxd5 g4 45. Ke4 g3
46. Kf3 g2 47. Kf2 Kg7 48. Ne3 Bd7 1/2-1/2

[Event "Championnat de France des Jeunes - Open "]
[Site "Aix les Bains"]
[Date "????.??.??"]
[Round "6.8"]
[White "Heudre, Clement"]
[Black "Demeure, Florian"]
[Result "0-1"]
[WhiteElo "1470"]
[BlackElo "1696"]
[PlyCount "52"]

1. e4 c5 2. Nc3 Nc6 3. Nf3 d6 4. h3 g6 5. Bb5 Bd7 6. d4 cxd4 7. Nxd4 Bg7 8. Be3
a6 9. Ba4 Nf6 10. Qd2 b5 11. Bb3 b4 12. Nd5 Nxe4 13. Qd3 Nc5 14. Qd2 O-O 15.
Nxc6 Bxc6 16. Qxb4 Nxb3 17. Qxb3 Qa5+ 18. Nb4 Bxg2 19. Rh2 Bd5 20. c4 Be6 21.
Bd2 Qe5+ 22. Qe3 Qxh2 23. O-O-O Qe5 24. Qxe5 Bxe5 25. b3 Bxh3 26. Nc6 Bf6 0-1

[Event "Championnat de France des Jeunes - Open "]
[Site "Aix les Bains"]
[Date "????.??.??"]
[Round "6.9"]
[White "Kaser, Simon"]
[Black "De Lussac, Estephe"]
[Result "1-0"]
[WhiteElo "1692"]
[BlackElo "1480"]
[PlyCount "99"]

1. d4 Nf6 2. c4 g6 3. Nc3 d5 4. cxd5 Nxd5 5. e4 Nxc3 6. bxc3 Bg7 7. Bc4 c5 8.
Ne2 O-O 9. O-O Nc6 10. Be3 a6 11. a4 Na5 12. Bd3 c4 13. Bc2 Bd7 14. Qd2 b5 15.
axb5 Bxb5 16. Ra3 Qc7 17. Rfa1 Nb7 18. Ba4 Na5 19. Bc2 Nb7 20. Nc1 a5 21. Ba4
Qc6 22. d5 Qd7 23. Qb2 Bxa4 24. Rxa4 Nd6 25. f3 Rfb8 26. Qd2 Nb5 27. Ne2 Qc7
28. Bf4 Nd6 29. Nd4 Qc5 30. Be3 Qc7 31. Nc6 Rb3 32. Rxa5 Rxa5 33. Rxa5 Qb7 34.
Ra7 Rb1+ 35. Kf2 Rb2 36. Rxb7 Rxd2+ 37. Bxd2 Nxb7 38. Nxe7+ Kf8 39. Nc8 Nc5 40.
Nd6 Na4 41. Nxc4 Bxc3 42. Bxc3 Nxc3 43. Ke3 Ke7 44. Kd3 Nb5 45. Ne5 Kf6 46.
Ng4+ Ke7 47. Kc4 Nd6+ 48. Kc5 Nb7+ 49. Kc6 Nd8+ 50. Kc7 1-0

[Event "Championnat de France des Jeunes - Open "]
[Site "Aix les Bains"]
[Date "????.??.??"]
[Round "6.10"]
[White "Flores, Adrian"]
[Black "Junca, Guillaume"]
[Result "1-0"]
[WhiteElo "1510"]
[BlackElo "1668"]
[PlyCount "120"]

1. e4 c5 2. Nf3 d6 3. d4 cxd4 4. Nxd4 Nf6 5. Nc3 g6 6. Bd2 Bg7 7. Bd3 Nc6 8.
Nxc6 bxc6 9. Qe2 Bd7 10. O-O-O a5 11. f4 Bg4 12. Qe3 Bxd1 13. Rxd1 Rb8 14. Qf3
Qb6 15. b3 O-O 16. h3 Nd7 17. Na4 Qc7 18. Bc3 e5 19. f5 g5 20. g4 h6 21. Rh1
Bf6 22. Qe3 Kg7 23. Bd2 Rh8 24. Bc4 Rbc8 25. Qe1 Bd8 26. Bc3 Nf6 27. Rg1 Nd7
28. Rg2 Ra8 29. Bd2 Qb8 30. h4 f6 31. Rh2 Nb6 32. Nxb6 Qxb6 33. hxg5 fxg5 34.
Rf2 Bf6 35. Qh1 Qxf2 36. Qh5 Qg1+ 37. Kb2 Qd4+ 38. Bc3 Qa7 39. Qg6+ Kf8 40.
Qxf6+ Ke8 41. Qxh8+ Kd7 42. Qxh6 a4 43. Qg7+ Kc8 44. Qxa7 Rxa7 45. Bd2 Rg7 46.
f6 a3+ 47. Kxa3 Rg6 48. f7 Rf6 49. Bxg5 Rf2 50. Be7 d5 51. Ba6+ Kd7 52. f8=Q
Rxf8 53. Bxf8 dxe4 54. g5 e3 55. g6 e2 56. Bxe2 Ke8 57. g7 Kf7 58. Bc4+ Kf6 59.
g8=Q e4 60. Qg7+ Kf5 1-0